[Event "110th Anniversary Open 2020"]
[Site "Hilleroed"]
[Date "2020.02.09"]
[Round "3.2"]
[White "Gukesh D"]
[Black "Siva Mahadevan"]
[Result "1-0"]
[WhiteElo "2542"]
[BlackElo "2310"]
[Annotator "TA"]
[PlyCount "93"]
[EventDate "2020.02.08"]
[EventType "swiss"]
[EventCountry "DEN"]
[SourceTitle "playchess.com"]
[Source "ChessBase"]
[SourceQuality "1"]

{[%evp 15,93,37,39,30,29,31,30,40,20,17,24,-27,34,7,100,4,0,0,77,54,154,145,143,163,165,152,166,154,150,52,60,50,71,0,39,0,108,62,249,248,240,228,238,240,236,216,288,304,283,277,278,234,204,118,369,347,464,395,411,400,400,408,403,399,420,410,406,415,426,397,425,426,418,414,417,417,417,410,404,403]} 1. c4 Nf6 2. Nc3 g6 3. d4 Bg7 4. e4 d6 5. h3 O-O 6. Be3 e5 7. d5 Na6 8. Nf3 Nh5 9. g3 {E90: King's Indian: Classical: Early deviations and 6 h3} f5 10. exf5 $1 gxf5 11. Nh4 {White has an edge.} Nf6 12. Rg1 {[#]} c6 $146 ({Predecessor:} 12... Kh8 13. Bd3 e4 14. Be2 Nd7 15. Ng2 Ne5 16. Nf4 Nc5 17. Kf1 Ncd3 18. Bxd3 exd3 {0-1 (34) Ladva,O (2443)-Kovalev,A (2513) Pardubice 2016}) 13. a3 (13. Qd2 $142) 13... Nc7 (13... Qe7 $11) 14. Qd2 b5 (14... a5 $11) 15. Bg5 (15. dxc6 $16 {0-0-0 is the strong threat.} bxc4 16. O-O-O (16. Bxc4+ d5 $11)) 15... bxc4 {[%cal Rc6d5]} 16. Bxc4 cxd5 (16... Kh8 $11 {remains equal.}) 17. Nxd5 Kh8 ({Better is} 17... Be6 $1 $14) 18. Bxf6 $1 $16 Rxf6 19. Nxf6 Qxf6 20. Rd1 Bf8 21. Qa5 Be6 22. Be2 ({Resist} 22. Qxc7 $6 Rc8 $14) ({White should play} 22. Bxe6 $1 $16 Nxe6 23. Nf3) 22... Ne8 $1 $14 23. Nf3 Bg7 24. Bb5 Bb3 {Hoping for ...e4.} 25. Rd2 (25. Bc6 $5 {[%cal Rc6a8]} Rc8 26. Qa6 $14) 25... Rc8 {[#]} (25... Bh6 $11) 26. Kf1 $1 $16 Rc5 $2 {[#]} (26... Be6 $1 $14) 27. Qb4 $1 $18 {[%cal Rb4b3]} Bf7 28. Bxe8 $1 Bxe8 29. Qb8 $1 {[%csl LRa7,LRd6,LRe8]} Qf8 {aiming for ...Bb5+.} 30. Qxd6 Bb5+ 31. Kg2 Bc6 {intending ...e4.} 32. Qxf8+ Bxf8 33. Rd8 Kg7 34. Rgd1 (34. Re1 $18) 34... Rb5 $2 {[%mdl 8192]} (34... Rc2 $16 {might work better.} 35. g4 Be7) 35. Rc8 Bb7 36. Rd7+ Kg8 37. Rxb7 Rxb7 38. Nxe5 {[%mdl 4096] Endgame KRB-KRN} Kg7 39. b4 Bd6 40. Nc4 Bc7 41. Kf3 Kf6 42. Ne3 Ke6 43. Re8+ Kf7 44. Rh8 {White is winning.} Kg7 45. Rc8 Kg6 46. Rg8+ Kf7 47. Rg5 {Accuracy: White = 71%, Black = 53%.} 1-0

[Event "110th Anniversary Open 2020"]
[Site "Hilleroed"]
[Date "2020.02.09"]
[Round "3.3"]
[White "Stanford, Maxim Barth"]
[Black "Jorgensen, Dennis"]
[Result "1-0"]
[WhiteElo "2339"]
[BlackElo "2154"]
[Annotator "TA"]
[PlyCount "129"]
[EventDate "2020.02.08"]
[EventType "swiss"]
[EventCountry "DEN"]
[SourceTitle "playchess.com"]
[Source "ChessBase"]
[SourceQuality "1"]

{[%evp 11,129,12,18,10,28,24,33,30,40,30,53,32,52,44,45,40,50,51,154,158,172,135,168,116,116,106,137,117,159,110,112,115,114,97,112,57,177,84,91,84,83,85,86,60,103,113,101,96,108,77,187,208,218,95,127,50,53,56,284,277,335,340,301,352,346,361,355,290,356,358,332,342,335,242,491,405,29958,29961,29959,29962,29963,141,29963,29964,29964,29965,29968,29969,29969,29970,29971,29972,29973,29974,29971,29975,29975,29973,29973,29974,29974,29975,29976,29976,29976,29977,29976,29978,29977,29979,29980,29980,29980,29979,29980,29980,29981,29982,29990,29980]} 1. e4 c6 2. d4 d5 3. exd5 cxd5 4. Bd3 Nc6 5. c3 Qc7 6. Ne2 Bg4 7. O-O {B13: Caro-Kann: Exchange Variation and Panov-Botvinnik Attack} e6 8. Qe1 Bxe2 9. Qxe2 {White is slightly better.} Bd6 10. Qg4 g6 (10... Bxh2+ $6 11. Kh1 $16) 11. Qh3 {[#]} Nge7 $146 ({Predecessor:} 11... Bf4 12. Nd2 Nge7 13. g3 Bg5 14. Nf3 Bxc1 15. Rfxc1 Qd6 16. Re1 O-O-O 17. a4 h6 {1-0 (29) Vega Gutierrez,S (2369)-Hernandez Estevez,Y (2211) Linares 2017}) 12. Bg5 h6 13. Bf6 Rh7 $1 14. Nd2 $36 {[%mdl 2048] White is pushing.} O-O-O (14... Kf8 $14) 15. Nf3 $1 $16 {[%cal Rf3g5]} Rhh8 16. Rac1 Kb8 17. c4 (17. Bxh8 $18 Rxh8 18. g3) 17... Bf4 18. Rc3 Rhe8 19. g3 dxc4 20. Bxc4 ({Resist} 20. gxf4 $6 cxd3 21. Be5 Rd6 $1 $11 {[%mdl 512]}) 20... Bg5 21. Nxg5 hxg5 22. Bb5 {Threatens to win with Be5!} Rd5 23. a4 (23. Be5 $16 Rxe5 24. dxe5 Qxe5 25. Bxc6 Nxc6 26. Qg4) 23... Ka8 (23... a6 $14 24. Be5 Rxe5 25. Bxc6 (25. dxe5 Qxe5 26. Bxc6 Nxc6 $14) 25... Nxc6 26. dxe5 Qxe5) 24. Qh7 (24. Rfc1 $18 {and White stays clearly on top.}) 24... Nf5 25. Rfc1 {[%cal Rc3c6] Hoping for Rxc6.} Nfxd4 26. Bxd4 Rxd4 27. a5 $1 {[%cal Ra5a6] Strongly threatening a6.} a6 28. Bxc6 bxc6 29. Rxc6 {[%mdl 64] Double Attack} Qb7 {...Red8 is the strong threat.} 30. Qh3 {aiming for Qf1.} (30. Qh6 {is more complex.} Rd5 31. Qh3 Red8 32. Qg4 R5d6 33. Rxd6 Rxd6 34. Qxg5 Qxb2 35. Qf4) 30... Rd1+ (30... Red8 $16 31. Qf1 R4d6) 31. Rxd1 $18 Qxc6 {[%mdl 4096] Endgame [#] KQR-KQR} 32. Qf1 (32. Qg4 $1 $18 {is the precise move to win.}) 32... Rc8 33. Qd3 ({Better is} 33. h3 $16) 33... g4 $14 34. Qe2 Qb7 $2 ({Black should play} 34... f5 $14) 35. Qxg4 $18 Qxb2 36. Rd7 Qc1+ 37. Kg2 Qc6+ 38. Qf3 Qxf3+ 39. Kxf3 {KR-KR} Rc5 40. Rxf7 Rxa5 41. Kg4 Rf5 42. Re7 Rxf2 $2 (42... e5 {keeps fighting.} 43. Re6 Rxf2) 43. Rxe6 Rxh2 (43... Kb7 $18 44. h4 (44. Rxg6 Rxh2 45. Kf4 a5 $11) 44... a5) 44. Rxa6+ Kb7 45. Rxg6 Kc7 46. Rg7+ $2 (46. Kg5 {mates} Kd7 47. Rf6 Rg2 48. g4 Rg3 49. Rf4 Ke6 50. Kg6 Ke5 51. Rf5+ Kd6 52. Rf6+ Kd7 53. Rf4) 46... Kd6 $2 {[%mdl 8192]} (46... Kd8 $16) 47. Kg5 {White mates.} Ke6 48. g4 Rh8 {[#]} 49. Kg6 $1 Ke5 50. g5 Kf4 51. Rf7+ Kg4 52. Ra7 Rg8+ 53. Kh6 Kf5 54. Rf7+ Ke6 55. g6 Rh8+ 56. Kg7 Rh1 57. Rf2 Rg1 58. Kh7 Ke7 59. g7 Rh1+ 60. Kg8 Rg1 61. Rf4 Rg2 62. Rf3 Rg1 63. Re3+ Kf6 64. Kf8 Ra1 65. Rf3+ {Accuracy: White = 71%, Black = 57%.} 1-0

[Event "110th Anniversary Open 2020"]
[Site "Hilleroed"]
[Date "2020.02.09"]
[Round "3.4"]
[White "Kvendseth, Thyra"]
[Black "Sylvan, Jacob"]
[Result "1/2-1/2"]
[WhiteElo "1889"]
[BlackElo "2335"]
[Annotator "TA"]
[PlyCount "82"]
[EventDate "2020.02.08"]
[EventType "swiss"]
[EventCountry "DEN"]
[SourceTitle "playchess.com"]
[Source "ChessBase"]
[SourceQuality "1"]

{[%evp 18,82,19,12,12,14,13,8,19,0,13,-4,0,-2,0,0,16,-12,-1,-7,0,-25,0,0,0,0,2,0,0,0,22,-4,-4,-20,0,0,0,0,36,24,97,49,43,41,47,53,58,50,58,46,83,78,82,62,79,0,12,0,70,57,70,31,51,0,69,48,32]} 1. Nf3 d5 2. d4 Nf6 3. c4 e6 4. Nc3 Be7 5. Bg5 h6 6. Bh4 O-O 7. e3 b6 8. cxd5 Nxd5 9. Bxe7 Nxe7 10. Bd3 Nd7 {D59: Queen's Gambit Declined: Tartakower Defence: Main line (8 cxd5 Nxd5).} 11. O-O Bb7 12. Rc1 Nd5 {The position is equal.} 13. Qe2 c5 14. Bb1 cxd4 15. Nxd4 N7f6 16. Rfd1 Rc8 {[#]} 17. Nf3 $146 ({Predecessor:} 17. Nxd5 Qxd5 18. f3 Qg5 19. Nb3 Bd5 20. Rxc8 Rxc8 21. Rc1 Rxc1+ 22. Nxc1 b5 23. Nd3 Bc4 {½-½ (23) Nardi,H-Bresiani,G corr 1994}) 17... Qe7 18. Nxd5 Nxd5 19. Ne5 Rfd8 20. Rxc8 Rxc8 21. Qd3 $40 {[%mdl 128] [#] Qh7+ would kill now. Black needs to defend precisely.} f5 (21... Nf6 {is more complex.} 22. Qd4 Ba6 23. g3 Be2 24. Re1 Qc7) 22. h3 Nf6 23. Ng6 Qe8 24. Ne5 Rc5 25. Qd6 Bd5 26. Nd3 Rc6 27. Qa3 Qh5 28. Re1 Rc4 (28... a5 $11 {remains equal.}) 29. Nf4 Qf7 30. Nxd5 Nxd5 31. e4 fxe4 32. Bxe4 Nf4 33. Qd6 {Strongly threatening Qb8+.} Qc7 {[#]} 34. Qd2 $1 Kf8 35. Qe3 Qd6 36. Qf3 (36. h4 $16) 36... Kg8 37. Rd1 Qc7 (37... Qe5 $11 38. Rd8+ Kf7 39. Rd7+ Kg8 40. Rd8+ Kf7) 38. Qe3 Rc5 39. Qd2 Rc4 40. Qe3 (40. Bf3 $14) 40... a5 (40... Rc5 $1 $11) 41. b3 Rc5 {Accuracy: White = 76%, Black = 77%.} 1/2-1/2

[Event "110th Anniversary Open 2020"]
[Site "Hilleroed"]
[Date "2020.02.09"]
[Round "3.5"]
[White "Jacobsen, Mikkel Manosri"]
[Black "Lilja, Richard"]
[Result "1-0"]
[WhiteElo "2315"]
[BlackElo "2123"]
[Annotator "TA"]
[PlyCount "79"]
[EventDate "2020.02.08"]
[EventType "swiss"]
[EventCountry "DEN"]
[SourceTitle "playchess.com"]
[Source "ChessBase"]
[SourceQuality "1"]

{[%evp 14,79,25,20,48,55,48,44,56,49,52,50,60,54,54,40,33,30,40,-22,9,7,71,68,67,66,58,-22,-8,0,16,37,217,226,641,505,505,512,504,481,367,497,469,398,586,561,646,615,687,690,29979,29980,29979,29979,6515,2485,2504,2328,2618,2570,2479,2383,2872,3343,29986,29987,29990,29991]} 1. Nf3 g6 2. e3 Bg7 3. Be2 d6 4. d4 Nd7 5. c4 Ngf6 6. Nc3 O-O 7. O-O e5 8. b4 e4 {E61: King's Indian: Early deviations for White, including Smyslov System.} 9. Nd2 Re8 10. Bb2 Nf8 {White is slightly better.} 11. Qb3 h5 {[#]} 12. Rfc1 $146 ({Predecessor:} 12. Rae1 N8h7 13. f3 exf3 14. Bxf3 Ng5 15. e4 Ng4 16. Nd5 c6 17. Nf4 a5 18. h3 {1-0 (67) Mamedyarov,S (2674)-Stellwagen,D (2561) Istanbul 2005}) 12... N8h7 13. a4 {[%cal Ba2a4,Ba4a5,Ba5a6][%mdl 32]} Ng5 14. a5 h4 15. a6 b6 16. d5 (16. h3 $14) 16... Bf5 17. Nb5 $36 {[%mdl 2048] White is pushing.} Nd7 (17... h3 $11 {remains equal.}) 18. Bxg7 $16 Kxg7 19. Qb2+ Ne5 20. c5 (20. Rf1 $14) 20... bxc5 $11 21. bxc5 Qf6 22. Qc3 Kh7 $2 (22... Re7 $1 $14) 23. Nxc7 $18 {[%mdl 64] Strongly threatening c6. Double Attack} Ngf3+ $2 (23... h3) 24. Bxf3 exf3 25. Nxf3 Nxf3+ 26. gxf3 Re5 {White must now prevent ...Bh3!} 27. f4 (27. Nxa8 $2 {too greedy.} Bh3 $19) 27... Bh3 {...Rg5+! is the strong threat.} 28. Kh1 (28. Nxa8 $2 {loses.} Rg5+ 29. Kh1 {[#]} Qf5 $3 $19 {[%mdl 512]}) 28... Qf5 (28... Rb8 $142 29. cxd6 Rf5) 29. f3 Rc8 30. cxd6 Ree8 {[#]} 31. d7 $1 Rxc7 (31... Qxd7 32. Nxe8) 32. dxe8=Q {[%csl Gc3][%cal Re8h8]} Rxc3 33. Rxc3 Qxd5 34. Qe4 Qd2 35. Qc2 Qd5 36. e4 Qd6 37. Qc1 Qd4 38. Qe3 Qb4 39. Rg1 Qb2 40. f5 {Accuracy: White = 80%, Black = 49%.} 1-0

[Event "110th Anniversary Open 2020"]
[Site "Hilleroed"]
[Date "2020.02.09"]
[Round "3.6"]
[White "Nilssen, John Arni"]
[Black "Ostergaard, Jens"]
[Result "1/2-1/2"]
[WhiteElo "2333"]
[BlackElo "2229"]
[Annotator "RC"]
[PlyCount "120"]
[EventDate "2020.02.08"]
[EventType "swiss"]
[EventCountry "DEN"]
[SourceTitle "playchess.com"]
[Source "ChessBase"]
[SourceQuality "1"]
[TimeControl "40/5400+30:1800+30"]

1. d4 {[%emt 0:00:00]} Nf6 {[%emt 0:00:00]} 2. c4 {[%emt 0:00:00]} e6 {[%emt 0:00:00]} 3. Nc3 {[%emt 0:00:00]} c5 {[%emt 0:00:00]} 4. d5 {[%emt 0:00:00]} exd5 {[%emt 0:00:07]} 5. cxd5 {[%emt 0:00:01]} d6 {[%emt 0:00:11]} 6. Nf3 {[%emt 0:00:09]} g6 {[%emt 0:00:13]} 7. Nd2 {[%emt 0:00:06]} Bg7 {[%emt 0:00:34]} 8. e4 {[%emt 0:00:06]} O-O {[%emt 0:00:30]} 9. Be2 {[%emt 0:00:05]} a6 {[%emt 0:06:20]} 10. a4 {[%emt 0:00:13]} Nbd7 {[%emt 0:00:30]} 11. f4 {[%emt 0:00:37]} Re8 {[%emt 0:01:59]} 12. O-O {[%emt 0:01:19]} Rb8 {[%emt 0:02:43]} 13. Kh1 {[%emt 0:00:21]} Qc7 {[%emt 0:08:00]} 14. e5 {[%emt 0:03:49]} dxe5 {[%emt 0:00:59]} 15. Nc4 {[%emt 0:00:10]} e4 {[%emt 0:19:46]} 16. f5 {[%emt 0:02:01]} Ra8 {[%emt 0:05:04]} 17. Bf4 {[%emt 0:08:03]} Qd8 {[%emt 0:00:09]} 18. fxg6 {[%emt 0:10:14]} hxg6 {[%emt 0:17:47]} 19. a5 {[%emt 0:23:29]} b5 {[%emt 0:06:22]} 20. axb6 {[%emt 0:05:16]} Nxb6 {[%emt 0:01:05]} 21. Nd6 {[%emt 0:11:44]} Rf8 {[%emt 0:05:08]} 22. Bg3 {[%emt 0:15:48]} Ra7 {[%emt 0:07:03]} 23. Nxc8 {[%emt 0:10:23]} Qxc8 {[%emt 0:02:42]} 24. Bh4 {[%emt 0:00:50]} Nbd7 {[%emt 0:03:31]} 25. Nb5 {[%emt 0:01:33]} Ra8 {[%emt 0:01:04]} 26. Nd6 {[%emt 0:00:26]} Qb8 {[%emt 0:00:53]} 27. Nc4 {[%emt 0:00:39]} Re8 {[%emt 0:05:09]} 28. Bg3 {[%emt 0:01:38]} Qb7 {[%emt 0:00:32]} 29. Nd6 {[%emt 0:00:57]} Qxb2 {[%emt 0:03:06]} 30. Nxe8 {[%emt 0:00:19]} Nxe8 {[%emt 0:00:47]} 31. Rxa6 {[%emt 0:00:36]} Rc8 {[%emt 0:00:59]} 32. Ra7 {[%emt 0:02:20]} Ndf6 {[%emt 0:02:02]} 33. Bc4 {[%emt 0:01:09]} Qb6 {[%emt 0:00:38]} 34. Ra6 {[%emt 0:00:20]} Qb4 {[%emt 0:00:05]} 35. Qe2 {[%emt 0:00:37]} Rd8 {[%emt 0:00:40]} 36. Bh4 {[%emt 0:01:12]} Rd6 {[%emt 0:00:47]} 37. Ra8 {[%emt 0:00:54]} Kh7 {[%emt 0:00:19]} 38. Ra7 {[%emt 0:00:45]} Rd7 {[%emt 0:00:35]} 39. Rxd7 {[%emt 0:00:14]} Nxd7 {[%emt 0:00:04]} 40. Bg3 {[%emt 0:00:58]} f5 {[%emt 0:00:41]} 41. d6 {[%emt 0:04:13]} Qb6 {[%emt 0:04:24]} 42. Rxf5 {[%emt 0:02:55]} gxf5 {[%emt 0:11:47]} 43. Qh5+ {[%emt 0:02:14]} Bh6 {[%emt 0:00:05]} 44. Qxf5+ {[%emt 0:08:12]} Kh8 {[%emt 0:00:07]} 45. h4 {[%emt 0:09:14]} Nef6 {[%emt 0:10:08]} 46. Kh2 {[%emt 0:01:27]} Qd8 {[%emt 0:02:32]} 47. Qg6 {[%emt 0:01:51]} Qf8 {[%emt 0:01:09]} 48. Be6 {[%emt 0:00:08]} e3 {[%emt 0:02:10]} 49. Qf5 {[%emt 0:00:47]} Qg7 {[%emt 0:00:50]} 50. Be1 {[%emt 0:00:07]} Qf8 {[%emt 0:01:44]} 51. Bxd7 {[%emt 0:02:56]} Qxd6+ {[%emt 0:00:50]} 52. Bg3 {[%emt 0:00:05]} Qxd7 {[%emt 0:00:04]} 53. Qxf6+ {[%emt 0:00:04]} Bg7 {[%emt 0:00:18]} 54. Qg5 {[%emt 0:00:08]} Qe6 {[%emt 0:00:51]} 55. Qxc5 {[%emt 0:01:05]} e2 {[%emt 0:00:07]} 56. Qa5 {[%emt 0:00:39]} Qe3 {[%emt 0:00:44]} 57. Qh5+ {[%emt 0:02:02]} Kg8 {[%emt 0:00:05]} 58. Qd5+ {[%emt 0:00:07]} Kh8 {[%emt 0:00:07]} 59. Qh5+ {[%emt 0:01:03]} Kg8 {[%emt 0:00:05]} 60. Qd5+ {[%emt 0:00:28]} Kh8 {[%emt 0:00:08]} 1/2-1/2

[Event "110th Anniversary Open 2020"]
[Site "Hilleroed"]
[Date "2020.02.09"]
[Round "3.7"]
[White "Petersen, Peter Birk"]
[Black "Schultz-Pedersen, Jesper"]
[Result "0-1"]
[WhiteElo "2117"]
[BlackElo "2058"]
[Annotator "TA"]
[PlyCount "68"]
[EventDate "2020.02.08"]
[EventType "swiss"]
[EventCountry "DEN"]
[SourceTitle "playchess.com"]
[Source "ChessBase"]
[SourceQuality "1"]

{[%evp 9,79,116,103,91,116,120,121,116,103,71,65,52,51,25,64,65,79,58,88,0,43,21,38,0,36,10,54,0,14,2,79,48,26,16,120,-20,0,0,0,-33,14,0,-14,-12,-13,-62,-84,-200,-183,-260,-253,-262,-223,-352,-278,-571,-531,-1128,-1125,-29977,-29977,-29984,-10377,-3144,-2825,-29995,-29996,-29996,-29997,-29997,-4902,-29997]} 1. e4 Nc6 2. Nf3 Nf6 3. e5 Ng4 4. d4 d6 5. h3 Nh6 6. exd6 {B00: Queen's Fianchetto Defence, Nimzowitsch Defence.} (6. Nc3 {seems wilder.} a6 7. a3 dxe5 8. d5 Na7 9. Bc4) 6... cxd6 7. d5 Ne5 {[#]} 8. Nxe5 $146 {White is better.} ({Predecessor:} 8. Bb5+ Bd7 9. Bxd7+ Qxd7 10. O-O g6 11. Re1 Bg7 12. c3 Nxf3+ 13. Qxf3 O-O 14. Nd2 {1-0 (52) Parmentier,X (2335)-Taddei,B (2334) France 2002}) 8... dxe5 9. Bxh6 gxh6 10. Bb5+ Bd7 11. Qd3 Bg7 12. Nc3 O-O 13. Bxd7 Qxd7 14. O-O (14. O-O-O $16) 14... Rfd8 15. Rfd1 Rac8 16. Rab1 a6 17. Rd2 b5 18. a3 ({White should play} 18. Rbd1 $14) 18... Rc4 19. Ne2 Qb7 (19... Qd6 $11) 20. b3 Rc5 $1 {[%cal Rb7d5]} 21. c4 e6 (21... bxc4 $11 22. bxc4 Qc7) 22. d6 ({Better is} 22. Rbd1 $16) 22... bxc4 23. bxc4 Qc6 24. Rc1 Bf6 25. Rdd1 {Threatens to win with Ng3.} Bg5 26. Rc2 f5 27. Qb3 Kf7 28. h4 (28. g4 $17) 28... Bxh4 $19 29. f4 (29. g3 $142 Bg5 30. f4) 29... Rxd6 30. Rb1 {intending Qh3.} exf4 31. Qb8 (31. Nxf4 $142 Rd4 32. Qb8) 31... Bf6 32. Rb7+ $2 (32. Nxf4 Be5 33. Qb7+ Kf6 34. Qxc6 Rdxc6 35. Nd3 Rxc4 36. Nxe5 Rxc2 37. Nxc6 Rxc6 38. Kf2) 32... Rd7 33. Rb6 Qe4 {[%mdl 64] Double Attack} 34. Ra2 {[#]} Be5 {Played: f4-f3} 0-1

[Event "110th Anniversary Open 2020"]
[Site "Hilleroed"]
[Date "2020.02.09"]
[Round "3.8"]
[White "Thorsbro, Peter"]
[Black "Sorensen, Esben Lauge"]
[Result "1-0"]
[WhiteElo "2159"]
[BlackElo "1943"]
[Annotator "TA"]
[PlyCount "52"]
[EventDate "2020.02.08"]
[EventType "swiss"]
[EventCountry "DEN"]
[SourceTitle "playchess.com"]
[Source "ChessBase"]
[SourceQuality "1"]

{[%evp 9,52,-10,-7,-14,-8,0,7,-3,0,-4,0,-15,0,-10,10,8,70,80,76,0,0,-7,11,0,12,0,7,0,8,0,16,0,14,0,15,12,45,11,106,39,710,689,675,674,425]} 1. d4 d5 2. Bf4 Nf6 3. e3 e6 4. Nd2 Bd6 5. Bg3 b6 6. Ngf3 {D00: 1 d4 d5: Unusual lines.} Bb7 7. Bd3 Ne4 8. c3 {The position is equal.} Nd7 9. Qe2 O-O {[#]} 10. Rd1 $146 ({Predecessor:} 10. O-O Nxg3 11. hxg3 Re8 12. Ba6 Qc8 13. Bxb7 Qxb7 14. c4 e5 15. dxe5 Bxe5 16. cxd5 Bxb2 {½-½ (33) Yermolinsky,A (2478)-Luther,T (2533) Tekirdag 2016}) 10... Ndf6 11. Bb1 Bxg3 12. hxg3 Ng4 ({Better is} 12... Qe7 $11) 13. Nxe4 $14 dxe4 14. Nd2 (14. Ne5 $16 Nf6 15. Bc2) 14... f5 $1 $11 15. f3 exf3 16. gxf3 Qg5 17. Nf1 Rad8 18. Rh4 $36 {[%mdl 2048] White has some pressure.} Nf6 19. Kf2 h6 20. Qc4 Nd5 21. e4 fxe4 22. Bxe4 Qf6 {...g5 is the strong threat.} 23. Nd2 g5 {[#]} (23... c5 $11 {remains equal.}) 24. Rh5 (24. Rh2 $1 $16 {aiming for Rdh1.} Qg7 25. Kg1) 24... Ne3 $2 {[%mdl 8192]} (24... Nxc3 $14 25. Qxc3 Bxe4 26. Nxe4 Qg6) 25. Kxe3 $18 Bxe4 26. fxe4 Qf2+ {Accuracy: White = 77%, Black = 63%.} 1-0

[Event "110th Anniversary Open 2020"]
[Site "Hilleroed"]
[Date "2020.02.09"]
[Round "3.9"]
[White "Marshall, Michael"]
[Black "Andersen, Soren Bull"]
[Result "0-1"]
[WhiteElo "1863"]
[BlackElo "2100"]
[Annotator "TA"]
[PlyCount "98"]
[EventDate "2020.02.08"]
[EventType "swiss"]
[EventCountry "DEN"]
[SourceTitle "playchess.com"]
[Source "ChessBase"]
[SourceQuality "1"]

{[%evp 9,102,27,47,19,42,23,52,24,35,31,33,26,83,70,68,49,70,41,72,88,80,47,85,47,51,51,64,62,52,53,68,40,47,18,50,52,45,48,47,29,55,56,96,74,57,39,41,41,67,28,28,20,20,21,73,73,89,79,102,102,106,86,115,93,90,83,111,111,131,0,0,0,-14,-8,43,-57,0,-136,-141,-1041,-1054,-29989,-29990,-29990,-29987,-29987,-5352,-29988,-29989,-29991,-29992,-29992,-29992,-29993,-781]} 1. d4 d6 2. Nf3 Nf6 3. b3 c6 4. Bb2 Bg4 5. Nbd2 Nbd7 6. h3 {A46: 1 d4 Nf6 2 Nf3 e6: Torre, London and Colle Systems.} Bh5 7. e3 Qa5 8. c3 {White is slightly better.} e5 {[#]} 9. Qc2 $146 ({Predecessor:} 9. g4 Bg6 10. Nh4 exd4 11. exd4 O-O-O 12. Qf3 d5 13. Nf5 h5 14. Rg1 hxg4 15. hxg4 {0-1 (31) Giampa,A (2190)-Giaccio,A (2460) La Plata 1998}) 9... Be7 10. Bd3 Nd5 (10... exd4 $11 11. exd4 O-O) 11. a3 Bg6 12. c4 N5f6 {aiming for ...e4.} 13. O-O O-O 14. Bxg6 hxg6 15. Rad1 Rad8 16. Rfe1 Rfe8 17. dxe5 Nxe5 18. Nxe5 dxe5 19. b4 Qc7 20. Qc3 Bf8 21. e4 c5 22. b5 Rd7 23. Qc2 Red8 24. Nf3 {[%cal Bd2f3,Bf3h2,Bh2f1,Bf1e3,Be3d5][%mdl 32]} Bd6 25. Bc3 Ne8 26. Qb2 f6 27. Rd2 Qc8 28. Red1 Nc7 29. Nh2 Ne6 30. Nf1 Nd4 31. Ne3 b6 (31... f5 $11) 32. Nd5 $16 Rf7 33. Qb1 ({Of course not} 33. Bxd4 $6 exd4 34. Qb3 Qe6 $11) 33... Kh7 34. Qd3 (34. Bxd4 $6 cxd4 35. Qd3 f5 $11) 34... Rh8 35. f3 (35. Bxd4 $6 cxd4 36. a4 Bc5 $11) 35... Kg8 36. Rf1 ({But not} 36. Bxd4 $6 exd4 37. e5 fxe5 $11) 36... f5 37. Rdf2 f4 38. a4 Qd8 39. Bxd4 (39. Ra2 $16) 39... cxd4 $11 40. Qd1 Qg5 {White must now prevent ...Rxh3.} 41. Kh1 Rh5 {[#]} (41... Bc5 $11) 42. Qd3 (42. a5 $1 $14 {[%mdl 512]}) 42... Qg3 (42... Bc5 $1 $15) 43. Rc2 {[#]} (43. Nc3 $11) 43... g5 $1 $17 {[%cal Rg5g4] Hoping for ...g4.} 44. Rcf2 $2 {[%mdl 8192]} (44. Qd1 $17) 44... g4 $19 45. Qd2 gxh3 46. Kg1 Bc5 ({Less strong is} 46... hxg2 47. Rxg2 Qh4 48. Rh2 $17) 47. Qd3 g5 (47... Rg5 $142 48. Rd1 hxg2 49. Ra2 g6 50. Nf6+ Rxf6 51. Rad2 Rf7 52. Qc2 d3+ {[%mdl 64] Discovered Attack} 53. Rf2 Rh7 54. Rxd3 Qh2#) 48. Rd2 Rh6 {Black mates.} 49. Rff2 hxg2 0-1

[Event "110th Anniversary Open 2020"]
[Site "Hilleroed"]
[Date "2020.02.09"]
[Round "3.10"]
[White "Andersen, Daniel"]
[Black "Brondal, Paul"]
[Result "0-1"]
[WhiteElo "1806"]
[BlackElo "2074"]
[Annotator "NA RC"]
[PlyCount "51"]
[EventDate "2020.02.08"]
[EventType "swiss"]
[EventCountry "DEN"]
[SourceTitle "playchess.com"]
[Source "ChessBase"]
[SourceQuality "1"]
[TimeControl "40/5400+30:1800+30"]

1. c4 {[%emt 0:00:00]} c6 {[%emt 0:00:00]} 2. Nf3 {[%emt 0:00:00]} d5 {[%emt 0:00:00]} 3. b3 {[%emt 0:00:06]} Nf6 {[%emt 0:00:18]} 4. g3 {[%emt 0:00:31]} Bf5 {[%emt 0:00:57]} 5. Bg2 {[%emt 0:00:16]} h6 {[%emt 0:00:33]} 6. d3 {[%emt 0:00:39]} e6 {[%emt 0:00:54]} 7. O-O {[%emt 0:00:08]} Be7 {[%emt 0:00:57]} 8. Bb2 {[%emt 0:00:08]} O-O {[%emt 0:00:28]} 9. Nbd2 {[%emt 0:00:40]} Nbd7 {[%emt 0:02:06]} 10. Qc2 {[%emt 0:00:29]} Bh7 {[%emt 0:01:58]} 11. Rad1 {[%emt 0:00:28]} a5 {[%emt 0:04:10] A12: English Opening: 1...c6 with b3 by White.} 12. a3 {[%emt 0:00:59]} Nc5 {[%emt 0:02:51]} 13. Rfe1 {[%emt 0:05:27]} Rc8 {[%emt 0:06:53] [#]} 14. b4 $146 {[%emt 0:05:12] [#]} (14. Bd4 $11) ({Predecessor:} 14. Bc3 b5 15. Qb2 Qb6 16. Ne5 Rfd8 17. cxd5 Nxd5 18. Nxc6 Rxc6 19. Bxg7 Bf8 20. Bd4 {0-1 (40) Forcen Esteban,D (2567)-Kollars,D (2562) chess.com INT 2019}) 14... axb4 $1 {[%emt 0:01:06]} 15. axb4 {[%emt 0:00:04]} Na6 {[%emt 0:00:42]} 16. Qb3 {[%emt 0:00:31]} Bxb4 {[%emt 0:01:35]} 17. Rb1 {[%emt 0:01:57]} dxc4 {[%emt 0:02:53]} 18. Qxc4 {[%emt 0:00:49]} b5 {[%emt 0:05:40]} 19. Qb3 {[%emt 0:00:52] [#]} c5 $1 {[%emt 0:03:57]} 20. Ba3 {[%emt 0:03:12]} (20. Red1 $17) 20... Nd5 {[%emt 0:04:02]} 21. Bxb4 {[%emt 1:18:02]} Naxb4 {[%emt 0:01:01]} 22. Rbc1 {[%emt 0:00:00]} Qe7 {[%emt 0:01:59]} 23. e4 {[%emt 0:00:00]} Nc7 {[%emt 0:05:19]} 24. d4 {[%emt 0:00:00]} c4 $19 {[%emt 0:00:34]} 25. Qa3 {[%emt 0:00:00]} Ra8 {[%emt 0:00:10]} 26. Nb1 {[%emt 0:02:30]} 0-1